| 000 | 01298nam a22002297a 4500 | ||
|---|---|---|---|
| 999 |
_c69753 _d69753 |
||
| 005 | 20230512074949.0 | ||
| 008 | s2556 th tha d | ||
| 020 | _a9786162364037 | ||
| 040 | _aNALT | ||
| 041 | _atha | ||
| 050 |
_aHF 5549 _bอ425ก 2556 |
||
| 100 | 0 |
_aอลิชา โรเบิร์ตส์ _918375 |
|
| 245 | 1 | 0 |
_aกลยุทธ์การเป็นผู้นำครองใจทุกคน : กลยุทธ์ 10 ประการสู่การเป็นผู้นำที่ครองใจและมีศักยภาพต่อทุกกลุ่มคนและองค์กร = _bAwaken the leader in you : 10 easy steps to developing your leadership skills / _cโดย อลิชา โรเบิร์ตส์. |
| 246 | 3 | 1 |
_aAwaken the leader in you : _b10 easy steps to developing your leadership skills. |
| 260 |
_aกรุงเทพฯ : _bธิงค์ บียอนด์ บุ๊คส์, _c2556. |
||
| 300 |
_a132 หน้า ; _b _c23 ซม. |
||
| 650 | 0 |
_aผู้นำ _910374 |
|
| 650 | 4 |
_aการบริหารงานบุคคล _944 |
|
| 850 | _aNALT | ||
| 942 |
_cGB _2lcc |
||
| 998 |
_j1020 _k นางจำเรียง ระวังสำโรง |
||